00393nam a2200157Ia 4500008004100000020001500041082001600056100002300072245003800095250000800133260003000141300001100171500002400182650001200206700001700218230524s9999 xx 000 0 und d a8121920922 a658.45bPRA aS.R. Pravin Bhatia 0aProfessional Communication Skills a2ND aNEW DELHIbS. Chandc2003 aVI;178 aQuantity Number: 5 aEnglish a A.M. Sheikh